000 00349pam a2200145a 44500
008 230405s2018 xxu||||| |||| 00| 0 eng d
020 _a9789352701896
_cRs.720/-
082 _a615.13
_bGEO
100 _aGeorge,Mthew
245 _aDrug Formulary
260 _aNew Delhi
_bJaypee Pub
_c2018
300 _a612 p.
502 _atext
906 _a004145
999 _c249154
_d249154